000 00652nam a2200229Ia 4500
005 20250508165434.0
008 008 250505s9999 xx 000 0 eng d
020 _a978-1-4462-6789-9
037 _aTextBook
040 _aFEDL
_beng
_cFEDL
041 _aeng
_2eng
084 _a421, CUL/R
_qFEDL
100 _aCulpeper Jonathan
245 0 _aPragmatics and the english language
260 _aEngland, UK
_bPalgrave Macmillan
_c2014
300 _axiv, 301p.
365 _aGBP
_b21.99
490 _aPerspectives on the english language
700 _a Haugh Michael
_9780852
942 _cTB
_h421, CUL/R
999 _c1395099
_d1395099